ბათუმის შოთა რუსთაველის სახელმწიფო უნივერსიტეტის ბიბლიოთეკა

Справочник экономиста по строительству. (ბიბ.ჩანაწერი № 50662)

000 -LEADER
fixed length control field 00636nam a2200193Ia 4500
001 - CONTROL NUMBER
control field 17613
003 - CONTROL NUMBER IDENTIFIER
control field GE_BSU
008 - FIXED-LENGTH DATA ELEMENTS--GENERAL INFORMATION
fixed length control field 181216s||||||||xx |||||||||||||| ||und||
040 ## - CATALOGING SOURCE
Transcribing agency GE_BSU
080 ## - UNIVERSAL DECIMAL CLASSIFICATION NUMBER
Universal Decimal Classification number 69.003(035.5)+33
245 ## - TITLE STATEMENT
Title Справочник экономиста по строительству.
245 ## - TITLE STATEMENT
Statement of responsibility, etc. Под ред. М.Х.Лапидуса и А.Н.Молчанова.
260 ## - PUBLICATION, DISTRIBUTION, ETC.
Place of publication, distribution, etc. Л.
260 ## - PUBLICATION, DISTRIBUTION, ETC.
Name of publisher, distributor, etc. Сройиздат.
260 ## - PUBLICATION, DISTRIBUTION, ETC.
Date of publication, distribution, etc. 1970.
300 ## - PHYSICAL DESCRIPTION
Extent 320 стр. 22 см. Библиогр.: стр. 316-317.
653 ## - INDEX TERM--UNCONTROLLED
Uncontrolled term Справочник экономиста по строительству.
942 ## - ADDED ENTRY ELEMENTS (KOHA)
Koha item type წიგნი
ეგზემპლარები
Withdrawn status Lost status Damaged status Not for loan Date acquired Barcode Date last seen Price effective from Koha item type
        2018-12-17 10377 2018-12-17 2018-12-17 წიგნი